000 00700cab a2200205 4500
001 ABS37489
008 090401t1987 xxu||||| |||| 00| 0 eng d
035 _a(Sirsi) u4903
041 _aeng
100 _aCatt, R.
245 _aOn the trail of the flintstones
260 _c1987
350 _a0
490 _aChartered Surveyor Weekly
_v18(9) 5 March 1987, 35 (1)
520 _aBriefly reviews the history of flint , describing how it first came to be used in walls and buildings. Concludes with a section on repairs and repointing of flintwork.
650 _aBUILT ENVIRONMENT-BUILDING MATERIALS-STONE
690 _aBUILT ENVIRONMENT-BUILDING MATERIALS
942 _n0
948 _c04/03/1997
999 _c2964
_d2964